Current tools and techniques in library science (Record no. 573669)
[ view plain ]
| 000 -LEADER | |
|---|---|
| fixed length control field | 00457nam a22001697a 4500 |
| 003 - CONTROL NUMBER IDENTIFIER | |
| control field | CEME |
| 005 - DATE AND TIME OF LATEST TRANSACTION | |
| control field | 20210628203434.0 |
| 008 - FIXED-LENGTH DATA ELEMENTS--GENERAL INFORMATION | |
| fixed length control field | 210119b xxu||||| |||| 00| 0 eng d |
| 040 ## - CATALOGING SOURCE | |
| Transcribing agency | ceme |
| 082 ## - DEWEY DECIMAL CLASSIFICATION NUMBER | |
| Classification number | 020 RAH |
| 100 ## - MAIN ENTRY--PERSONAL NAME | |
| Personal name | Ralhan, Punit |
| 9 (RLIN) | 65476 |
| 245 ## - TITLE STATEMENT | |
| Title | Current tools and techniques in library science |
| 260 ## - PUBLICATION, DISTRIBUTION, ETC. | |
| Place of publication, distribution, etc. | JAIPUR |
| Name of publisher, distributor, etc. | OXFORD |
| Date of publication, distribution, etc. | 2009 |
| 300 ## - PHYSICAL DESCRIPTION | |
| Extent | V,318P |
| 650 ## - SUBJECT ADDED ENTRY--TOPICAL TERM | |
| Topical term or geographic name entry element | CURRENT TOOLS AND TECHNIQUES IN LIBRARY SCIENCE |
| 9 (RLIN) | 65477 |
| 942 ## - ADDED ENTRY ELEMENTS (KOHA) | |
| Koha item type | Book |
| Source of classification or shelving scheme | |
| Withdrawn status | Lost status | Damaged status | Not for loan | Permanent Location | Current Location | Shelving location | Date acquired | Total Checkouts | Full call number | Barcode | Date last seen | Price effective from | Koha item type |
|---|---|---|---|---|---|---|---|---|---|---|---|---|---|
| College of Electrical & Mechanical Engineering (CEME) | College of Electrical & Mechanical Engineering (CEME) | General Stacks | 07/27/2017 | 020 RAH | CEME-44935 | 06/28/2021 | 06/28/2021 | Book |
